000 00494nam a2200169 i 4500
001 bg
100 1 _aGRABARA, Aleksander
245 0 _aCzłowiek w warunkach pracy. Elementy wiedzy o pracy i ochronie pracy /
_cAleksander Grabara.
260 _aCzęstochowa :
_bPolit. Częstoch.,
_c1970.
300 _as. 258 :
_btab.
504 _a[Zawiera bibliogr. s. 254-258].
040 _cBPK
041 _apol
080 _a331:65.01:614.8
942 _cKS
008 s pl f |000 0 pol
999 _c7110
_d7110
856 _uhttp://koha.tu.koszalin.pl/cgi-bin/koha/opac-detail.pl?biblionumber=7110
_yKatalog online BPK